000 00567nam a2200193 a 4500
005 20260410131055.0
008 260330s2026##################000#0#eng##
020 _a9781403940803
_qpbk
082 0 4 _a362.1 EAR
100 _a/Edited Earle Sarah
245 1 0 _a Sociology of Healthcare: A Reader for Health Professionals
_c/Edited Sarah Early
250 _a1st ed.
260 _bPalgrave Macmillan,
_c2008
300 _axvii,317p.
_c24cm.
650 _aSocial welfare problems & services
700 _aSarah Early
700 _aGayle Letherby
942 _cENGLISH
999 _c618174
_d618174